Famous People Born in July Quiz Stats

 Plays Quiz Updated Apr 27, 2018

Challenge
Share
Tweet
Score 0/30 Timer 07:00
1 Play Today
Person % Correct
George W. Bush
95.5%
Robin Williams
95.1%
Diana, Princess of Wales
95%
Tom Cruise
94.9%
Tom Hanks
94.8%
Nelson Mandela
91.3%
Jennifer Lopez
83.5%
Mick Jagger
82.4%
Kevin Bacon
81.8%
Jacqueline Kennedy Onassis
76.7%
Woody Harrelson
72.3%
Lisa Kudrow
71%
Vin Diesel
70.2%
Jessica Simpson
70.2%
Arnold Schwarzenegger
69.1%
Person % Correct
Ringo Starr
67.3%
Benedict Cumberbatch
64.5%
David Spade
62.7%
Donald Sutherland
61.1%
Gerald Ford
59.7%
Liv Tyler
54.8%
J.K. Rowling
52.3%
Sofía Vergara
51.6%
Danny Glover
49.2%
Frida Kahlo
49.1%
Jane Lynch
47.7%
Benito Mussolini
39.9%
Terry Crews
33.6%
Carl Lewis
31.2%
Michelle Rodriguez
31.1%

You're not logged in!

Compare scores with friends on all Sporcle quizzes.
OR
Log In

You Might Also Like...

Show Comments

Extras

Top Quizzes Today


Score Distribution

Your Account Isn't Verified!

In order to create a playlist on Sporcle, you need to verify the email address you used during registration. Go to your Sporcle Settings to finish the process.

Report this User

Report this user for behavior that violates our Community Guidelines.

Details: